[Event "Moscow Aeroflot op"]
[Site "Moscow"]
[Date "2002.02.09"]
[Round "8"]
[White "Kobalia, Mihail"]
[Black "Vasiukov, Evgeni"]
[Result "0-1"]
[WhiteElo "2620"]
[BlackElo "2524"]
[Annotator "Finkel,A"]
[PlyCount "99"]
[EventDate "2002.02.04"]
[EventType "swiss"]
[EventRounds "9"]
[EventCountry "RUS"]
[SourceTitle "CBM 088"]
[Source "ChessBase"]
[SourceDate "2002.03.21"]
[SourceVersion "1"]
[SourceVersionDate "2002.03.21"]
[SourceQuality "1"]

1. e4 Nf6 2. e5 Nd5 3. d4 d6 4. Nf3 Bg4 5. Be2 e6 6. O-O Be7 7. c4 Nb6 8. Be3
O-O 9. Nc3 Nc6 10. exd6 {This variation hardly promises white any opening
dvantage, but nothing changes 10.b3:} (10. b3 d5 11. c5 Nc8 12. b4 f6 13. b5
Na5 14. Nd2 (14. exf6 $5 Bxf6 15. Bf4 Nc4 16. Ne5 Bxe5 17. Bxe5 Nxe5 18. Bxg4
$1 $14 {D'Amore,C-Stull,N/Luxemburg 1981/EXT 2001}) 14... Bxe2 15. Nxe2 c6 16.
a4 b6 17. Nf4 Qd7 18. exf6 Bxf6 19. Qg4 bxc5 20. Qxe6+ Qf7 $13 {Schandorff,
L-Baburin,A/Copenhagen 1994/EXT 99}) 10... cxd6 11. b3 (11. c5 dxc5 12. dxc5
Bxf3 13. Bxf3 Nc4 14. Qe2 Nxe3 15. Qxe3 Qa5 $11 {Jonkman,H-Anastasian,A/Saint
Vincent 2000/CBM 78}) 11... Bf6 (11... Bf5 12. d5 Bf6 13. Nd4 Nxd4 14. Bxd4
Bxd4 15. Qxd4 e5 $11 {Bogdanovic,R-Ivkov,B/Sarajevo 1966/EXT 98}) (11... Nd7 $6
12. d5 Nce5 13. Nxe5 Bxe2 14. Nxf7 $1 $16 {Lukov,V-Karayannis,A/Elenite 1987/
EXT 2000}) 12. h3 (12. Rc1 d5 13. c5 Nc8 14. h3 Bxf3 15. Bxf3 N8e7 16. g3 Nf5
17. Ne2 b6 $15 {Dervishi,E-Anastasian,A/Saint Vincent 2000/CBM 78}) 12... Bh5
13. Ne4 $5 Be7 14. Nc3 (14. d5 exd5 15. Bxb6 (15. cxd5 Nb4 $15 {[%csl Rd5]})
15... Qxb6 16. Qxd5 Bg6 $11) 14... Bf6 15. Qd2 $5 {White is not satisfied with
the draw, of course, but he has to admit that he didn't manage to get anything
out of the openig!} (15. Ne4 $11) 15... d5 16. c5 Bxf3 17. Bxf3 Nc8 18. a3 N8e7
{[%cal Ge7f5]} 19. g4 h6 20. Rad1 b6 $15 21. Qc1 {Sacrificing a piece!} (21. b4
bxc5 22. bxc5 Rb8 23. Rb1 Qa5 $15) (21. cxb6 $5) 21... bxc5 22. dxc5 Qb8 $1 {
[%cal Gd5d4]} 23. b4 d4 24. Ne4 dxe3 25. Nxf6+ gxf6 26. Qxe3 Kg7 27. Rd6 Ne5 $5
{Black decides to give back some material, even though deserved attention} (
27... Rc8 $5) 28. Bxa8 Qxa8 29. Rc1 Nc8 30. Rdd1 Qc6 31. Kh2 Ng6 32. Rd4 $6 {
Giving up crucial square f4 turns out to lead to black's advantage.} (32. f4
Qc7 33. Rc4 Nce7 34. Qg3 Nd5 35. Rf1 $13) 32... Nce7 33. Qe4 Nd5 {[%csl Gf4]}
34. Rc3 Qc7+ 35. Rg3 Rh8 $1 $17 {[%cal Gh6h5] White king finds himself under
attack.} 36. Kg1 h5 37. Qc2 hxg4 38. Rdxg4 (38. hxg4 Ngf4 39. Re4 Nh3+ 40. Kf1
Ng5 $40) 38... Ndf4 39. Kf1 f5 $1 40. Qc3+ f6 41. Rxf4 Qxf4 42. c6 Rd8 43. b5
Qe4 44. Qe1 Qc4+ 45. Kg1 Kf7 $1 46. Qa5 Rd1+ 47. Kh2 Qc5 48. Qc7+ Ne7 49. Qf4
Qd5 50. Qh6 (50. Rg2 e5 51. Qh6 Ke6 52. Qh5 Qd4 53. Qf3 Rd3 $19) 0-1

[Event "IND-ch"]
[Site "Mumbai"]
[Date "2003.01.20"]
[Round "4"]
[White "Barua, Dibyendu"]
[Black "Ramesh, Ramachandran B"]
[Result "1-0"]
[WhiteElo "2541"]
[BlackElo "2472"]
[Annotator "Finkel,A"]
[PlyCount "161"]
[EventDate "2003.01.18"]
[EventType "tourn"]
[EventRounds "21"]
[EventCountry "IND"]
[EventCategory "8"]
[SourceTitle "CBM 094"]
[Source "ChessBase"]
[SourceDate "2003.05.26"]
[SourceVersion "1"]
[SourceVersionDate "2003.05.26"]
[SourceQuality "1"]

1. e4 Nf6 2. e5 Nd5 3. d4 d6 4. c4 Nb6 5. Nf3 Bg4 6. exd6 exd6 (6... cxd6) 7.
Be2 Be7 8. O-O O-O 9. Nc3 Nc6 10. b3 {White opted for very solid set up which
is not so dangerous for black. However white keeps some pressure due to
minimal advantage in space.} Re8 11. Be3 Bf6 12. h3 Bh5 13. Qd2 d5 {Otherwise
white would could have played d5 himself.} (13... h6 14. Rac1 (14. Rad1 a5 15.
Rfe1 a4 16. d5 Bxf3 17. Bxf3 Ne5 18. Be2 axb3 19. axb3 $14 {Toth,A-Miko,S/
Hungary 1997}) 14... Ne7 15. g4 Bg6 16. h4 c5 17. dxc5 dxc5 18. Qxd8 Raxd8 19.
Bxc5 Bxc3 20. Rxc3 Ned5 $1 $11 {Matanovic,A-Hug,W/Berlin West 1971}) (13... Nb4
14. Rac1 h6 15. Rfd1 Nc6 16. g4 Bg6 17. Nh2 Qe7 18. Nf1 Bh4 19. Kg2 Rad8 20. f4
f5 $13 {Stean,M-Bohm,H/Moscow 1975}) (13... a5 14. Rae1 a4 15. d5 Bxf3 16. Bxf3
Ne5 17. Bd1 axb3 18. axb3 Ned7 19. Nb5 $14 {Sumaneev,D-Jankin,V/Orel 1996}) (
13... Bg6 14. d5 Nb4 (14... Ne7 15. Nd4 Nf5 16. Nxf5 Bxf5 17. Bd3 Bxd3 18. Qxd3
Nd7 19. Rad1 g6 20. Ne4 Bg7 $11 {Howell,D-Kirsanov,O/London 2001}) 15. Rac1 Na6
16. Nh2 Nc5 17. Ng4 Bh4 18. g3 Be7 19. b4 Ne4 20. Nxe4 Bxe4 21. Qd4 $14 {
Zulfugarli,M-Mirzoev,A/Azerbaijan 1999}) 14. c5 Nc8 15. a3 (15. Rad1 a5 (15...
h6 16. g4 Bg6 17. Ne1 (17. b4 a6 18. a3 Be4 19. Ne1 Bg5 20. f4 Bh4 21. Nxe4
Rxe4 22. Bf3 Re8 23. Ng2 $14 {Roselli Mailhe,B-Paglilla,C/Vicente Lopez 2002})
17... b6 18. cxb6 Nxb6 19. Ng2 Qd6 20. Rc1 a6 21. Rfd1 Bh7 22. Bf1 Qd7 23. Nf4
Bg5 24. Bg2 Ne7 $13 {Becker,M-Appel,R/Germany 1988}) 16. Rfe1 N8a7 17. Bf4 Qd7
18. g4 Bg6 19. Bg3 h6 20. Qf4 $16 {Smyslov,V-Spassky,B/Moscow 1960}) (15. b4
Bxf3 16. Bxf3 N8e7 17. g4 h6 18. a3 Qd7 19. Bg2 b6 20. b5 Na5 21. c6 Qd6 22.
Bf4 $14 {Minic,D-Hartston,W/Praia da Rocha 1969}) (15. g4 Bg6 16. Bb5 Qd7 17.
Nh2 a6 18. Bxc6 Qxc6 19. f4 {1/2-1/2 Kuczynski,R-Gazik,I/Budapest 1993}) (15.
Rfe1 a6 16. Ne5 Bxe5 17. Bxh5 Bf6 18. Bg5 Be7 19. Bf4 $14 {Morais,G-Gaboleiro,
G/POR-ch clubs 9th T2 corr9697 1996}) (15. Rfd1 Bg6 16. a3 a5 17. Rac1 h5 18.
Bf4 N8e7 19. Be5 Bxe5 20. dxe5 $16 {Seul,G-Loos,R/Regensburg 1998}) 15... h6
16. b4 a6 17. Rfe1 N8e7 18. g4 Bg6 19. Bd3 Bxd3 20. Qxd3 Qd7 ({In my opinion
it was better to prevent Bf4 with} 20... Ng6 $1 {and black has nothing to
worry about.}) 21. Bf4 $1 h5 $5 (21... b5 22. Bg3 Ng6 23. Rad1 Rxe1+ 24. Rxe1
Rd8 25. Rd1 $14) 22. g5 Ng6 23. Bg3 Be7 24. Kg2 Bf8 25. Rxe8 Rxe8 26. Re1 Rxe1
(26... Rd8) 27. Nxe1 Nce7 28. b5 axb5 29. Nxb5 b6 $5 {Temporary pawn sacrifice
to clear a way for the d-pawn. Another opportunity to keep the balance was} (
29... c6 30. Nd6 Nc8 31. Qf5 Qxf5 32. Nxf5 f6 33. gxf6 gxf6 34. Nc2 Kf7 $11)
30. Nxc7 bxc5 31. dxc5 h4 32. Bh2 d4 33. Nf3 Nc6 34. Qc4 d3 35. Nd5 Qf5 36. Ne3
Qd7 $2 {It seems that black wasn't satisfied with a draw and he took a risk to
fight for a win. The simpliest way to a draw was} (36... Qxc5 37. Qxc5 (37.
Qxd3 Qxa3 38. Qxa3 Bxa3 39. Nf5 Be7 $11) 37... Bxc5 38. a4 Bb4 39. Kf1 f6 40.
gxf6 gxf6 41. Nf5 Kf7 42. N3xh4 Nxh4 43. Nxh4 Nd4 $11 {and black is out of
danger.}) 37. a4 Na5 (37... d2 38. Qe2 (38. Qb5 $5) 38... Bxc5 39. Qxd2 Qe8 40.
Qc3 Bf8 41. Qd3 $16) 38. Qa6 Nc6 39. Qb5 d2 40. Qe2 Bxc5 41. Qxd2 Qa7 42. Qc2
Bxe3 (42... Nd8) 43. fxe3 Nce7 $2 {Decisive mistake! After correct} (43... Nb4
$1 44. Qc8+ (44. Qb3 Qe7 {[%cal Ge7e4]} 45. Qc4 Qxe3 46. Qxb4 Qe2+ $15) 44...
Kh7 45. Qe8 Qb7 $1 $14 {black should hold the position.}) 44. Qe4 $1 {[%csl
Re7]} Qc5 45. Bg1 $1 {[%csl Rh4]} Qa5 46. Bf2 $16 Qc5 47. Qd4 Qa5 48. Qc4 Qa8
49. Qb5 Nc6 50. Kf1 Na7 51. Qf5 Nc6 (51... Nc8 52. Nxh4 Nd6 53. Qd3 Nxh4 54.
Bxh4 Qh1+ 55. Ke2 Qg2+ 56. Kd1 Qc6 $16) 52. Qe4 Qa6+ 53. Kg2 Nce7 54. Bxh4
Nxh4+ 55. Nxh4 $18 Qe2+ 56. Kg1 Qe1+ 57. Kh2 Qd2+ 58. Ng2 Qd6+ 59. Qf4 Qa6 60.
h4 g6 61. Qb8+ $5 Kg7 (61... Kh7 62. Qc7 Qe6 63. a5 Nd5 64. Qb7 Qe5+ 65. Nf4 $1
$18) 62. Qe5+ Kf8 63. Qh8+ Ng8 64. Qd4 Qa5 65. Qa1 Ne7 66. Qa3 Ke8 67. Qb3 Qe5+
68. Kg1 Kf8 69. Qb4 Kg8 70. Qb5 Nd5 71. a5 Kg7 72. Qc5 Qa1+ 73. Kf2 Nc3 74.
Qd4+ Kg8 75. a6 Qa2+ 76. Kf3 Ne2 77. Qd3 Nc1 78. Qb5 $1 {[%csl Ge2]} Kh7 79.
Nf4 Nb3 80. Qd5 Nd2+ 81. Kg4 1-0

[Event "GER-ch 70th"]
[Site "Bremen"]
[Date "1998.11.08"]
[Round "3"]
[White "Kindermann, Stefan"]
[Black "Jugelt, Tobias"]
[Result "1/2-1/2"]
[WhiteElo "2540"]
[BlackElo "2350"]
[Annotator "Finkel,A"]
[PlyCount "110"]
[EventDate "1998.11.06"]
[EventType "swiss"]
[EventRounds "9"]
[EventCountry "GER"]
[SourceTitle "CBM 068"]
[Source "ChessBase"]
[SourceDate "1999.02.01"]
[SourceVersion "1"]
[SourceVersionDate "1999.02.01"]
[SourceQuality "1"]

1. e4 Nf6 2. e5 Nd5 3. d4 d6 4. Nf3 Bg4 5. Be2 e6 6. h3 Bh5 7. O-O Be7 8. c4
Nb6 9. Nc3 O-O 10. Be3 d5 11. c5 Bxf3 12. gxf3 Nc8 13. f4 Bh4 14. Bd3 g6 15. b4
(15. Qg4 Kh8 (15... f5 $6 16. Qe2 Nc6 17. a3 Kh8 18. b4 a6 19. Kh1 N8e7 20. Qd2
Ng8 21. Ne2 Nh6 22. Ng1 Nf7 23. Nf3 $14 {Hendriks,W-Bosch,J/NED-sf 1996 (44)})
16. b4 (16. Nb1 Nc6 17. Nd2 h5 18. Qe2 N8e7 19. Nf3 Nf5 20. Rab1 (20. a3 a6 21.
Kh1 Be7 22. Rg1 Qd7 23. Rg2 $14 {Emms,J-Zilberman,Y/Lloyds Bank op 1994 (47)})
20... a5 21. a3 Be7 22. Rfc1 Qd7 23. Rc3 $14 {Kosashvili,Y-Zilberman,Y/Rishon
le Zion 1993/1/2-1/2 (76)}) (16. Kh2 Nc6 17. Rac1 Rg8 18. Rg1 Rb8 19. b3 Nb4
20. Bb1 b5 21. cxb6 $6 axb6 22. a3 Na6 23. b4 b5 24. Bd3 c6 $15 {Ott,F-Schmitt,
A/Wuert-chT 1994}) 16... Nc6 17. a3 f5 18. Qd1 a6 19. Kh1 N8e7 20. Ne2 Ng8 21.
Ng1 Nh6 22. Nf3 $14 {Psakhis,L-Agzamov,G/URS-ch50 1983 (50)}) 15... Ne7 (15...
c6 16. Kh2 Ne7 17. Ne2 (17. Rb1 a6 18. a4 Nd7 19. b5 $6 axb5 20. axb5 Nxc5 21.
dxc5 d4 $15 {Sharma,D-Dongre,R/Goodricke 1997 (38)}) 17... Nf5 18. Ng1 Re8 19.
Nf3 Nd7 20. Qe2 Be7 21. Rg1 Qc7 22. Ng5 Nf8 23. Qg4 Qd7 24. a4 $36 {De Vreugt,
D-Starostits,I/EU-chJM U16 1995 (61)}) 16. b5 Nd7 17. Qe2 Kh8 18. Kh2 Rg8 19.
Rg1 h5 20. Qf3 c6 21. Rab1 Rb8 22. a4 ({Serious attention deserved} 22. f5 $5 {
with extremly complicated struggle.It's very difficult to give an exact
assesment,but it seems that white's initiative is very dangerous.} exf5 (22...
Nxf5 23. Bxf5 exf5 24. bxc6 $1 (24. Qf4 $5 Rg7 25. e6 {[%csl Rg6]} fxe6 26.
Qh6+ Rh7 27. Qxg6 {[%cal Ge3f4]} Qc7+ 28. Kh1 Nf6 $1 (28... Bf6 $6 29. Ne2 $6 (
29. Rg2 $1 f4 30. Rbg1 Rg7 (30... Bg7 31. Qf7 $1 $18 {[%cal Gf7f4,Gf7g7]}) 31.
Qxh5+ Rh7 32. Qg4 Rh4 33. Qxe6 Qd8 34. Rg4 $1 $18) 29... cxb5 30. Nf4 e5 31.
Nxh5 Qc6) 29. Bg5 Bxg5 30. Rxg5 Rf8 31. bxc6 bxc6 32. Rbg1 {[%csl Rg8][%cal
Gg6f6]} Qf7 33. f3 $1 {[%csl Rf6]} Qxg6 34. Rxg6 Rff7 35. Ne2 $14 {[%csl Re6]
[%cal Ge2f4]}) 24... bxc6 25. Rxb8 Nxb8 (25... Qxb8 $2 26. Qf4 $18 {[%cal
Gf4h4,Gf4h6]}) 26. Ne2 Be7 $6 (26... Rg7 $5) 27. Nf4 {[%csl Rh5]} h4 28. e6 $1
(28. Nh5 $6 Nd7 29. Qf4 Nf8 30. Qh6+ Nh7 $17) 28... Qe8 29. exf7 Qxf7 30. Nxg6+
$1 Rxg6 31. Qh5+ Kg7 32. Qh6+ $1 Kf6 33. Bg5+ Ke6 34. Re1+ Kd7 35. Rxe7+ Qxe7
36. Qxg6 $18) 23. Ne2 $1 (23. Qf4 g5 24. Qf3 g4 25. hxg4 hxg4 26. Qf4 Bg5 27.
Qg3 Bxe3 28. fxe3 Rg7 29. Kg2 $44) 23... Nf8 24. Nf4 Ne6 25. Nxh5 cxb5 26. Bxb5
$14) 22... Nf5 23. Rb3 Qa5 24. Rgb1 Kg7 25. Rg1 Kh8 26. Bxf5 exf5 27. Nxd5 Qxa4
(27... cxd5 28. Qxd5 Qxa4 29. Rbb1 (29. Rb2 Rbd8 30. Qxb7 (30. Qxf7 Rg7 31. Qa2
(31. Qd5 Nb6 32. Qa2 Qxa2 33. Rxa2 Nc8 $17 {[%cal Gd8d5,Gh8g8,Gg8e6]}) 31...
Qxa2 32. Rxa2 Nf8 33. Rxa7 Ne6 34. Ra4 g5 $17)) 29... Rbd8 30. Qxb7 Qc2) 28.
Rb4 Qa3 29. Rbb1 (29. bxc6 bxc6 30. Rxb8 Rxb8 31. e6 Nf8 (31... cxd5 32. exd7)
32. e7 Ne6 33. Rb1 Re8 34. Nb4 Bxe7 35. Nxc6) 29... Bxf2 $5 30. Qxf2 cxd5 31.
Qd2 $5 {Covering square d3.} Qa4 32. Qd3 a6 33. Qb3 $6 {Missing very simple} (
33. bxa6 $1 Qxa6 (33... bxa6 34. Ra1 Rb2+ (34... Qb5 35. Qxb5 axb5 (35... Rxb5
36. Rxa6 Rb3 37. Re1 $16 {[%csl Rd5][%cal Ga6d6]}) 36. Ra7 {[%cal Ga7f7]} Nf8
37. Rxf7 Rg7 38. Rf6 Ra7 (38... Rd7 39. Rb1 b4 40. Rb6 $16) 39. Rd6 b4 40. Rxd5
b3 41. c6 b2 42. Rb1 $18) 35. Kh1 Qb5 36. Qxb5 axb5 37. Ra7 Nf8 38. Rxf7 Re2
39. Bc1 $14) 34. Qxa6 bxa6 35. c6 Rxb1 (35... Nb6 36. c7 Rb7 37. Bd2 Rc8 38.
Ba5 $18) 36. Rxb1 Nb8 37. c7 Nd7 38. Bd2 Kg7 39. Rc1 Rc8 40. Ba5 Kf8 41. Rc6
$16 {with significient advantage in all variations.}) 33... Qxb3 34. Rxb3 a5 (
34... axb5 $2 {[%csl Rb7]} 35. Rxb5 Rgc8 36. Rgb1 Rc7 37. Bd2 b6 38. Kg3 $1 Rc6
39. Ba5 bxa5 40. Rxb8+ Nxb8 41. Rxb8+ Kg7 42. Ra8 f6 43. Rxa5 g5 44. Ra7+ Kg6
45. exf6 $16 {[%csl Rd5]}) 35. Ra1 b6 36. cxb6 (36. Kg3 $5 Rgc8 37. cxb6 Nxb6
38. Rxa5 Nc4 39. Ra7 Kg8 (39... Nxe3 40. Rxe3 Rxb5 41. Rxf7 Rb4 42. Rd3 Rcc4
43. Kh4 $16 {[%csl Rg6,Rh8][%cal Gh4g5,Ge5e7]}) 40. Kf3 Rd8 41. Rc7 Rb6 42. Ke2
$14) 36... Nxb6 37. Rxa5 Rb7 38. Bf2 Rc8 39. Ra6 Rc2 40. Kg3 Kg7 41. Be1 Nc4
42. Ra8 Kh7 $5 (42... Rb2 $2 43. Rxb2 Nxb2 44. Bb4 {[%csl Rg7]} Nc4 (44... Rxb5
45. Be7 Rb6 46. Rd8 $1 $16 {[%csl Rd5]}) 45. Rd8 $1 $16) 43. b6 (43. Rd8 $2 Re2
{[%csl Re1]}) 43... Rxb6 (43... Re2 $2 44. Ra7 $1 Rxb6 45. Rxb6 Nxb6 46. Rxf7+
Kg8 47. Rb7 $1 $16) 44. Rxb6 Nxb6 45. Rd8 Rb2 (45... Re2 46. Ba5 Nc4 47. Rxd5
Re3+ 48. Kh4 $5 Rf3 49. Kg5 Rxh3 50. Kf6 $132) 46. Ba5 Rb3+ 47. Kh2 (47. Kh4 $5
) 47... Nc4 48. Rxd5 Nxa5 49. Rxa5 Rf3 50. Ra7 Kg8 (50... Rxf4 51. Rxf7+ Kg8
52. Rd7 $14) 51. Ra8+ Kg7 52. Ra7 Kf8 53. Ra8+ Kg7 54. Ra7 Kf8 55. Ra8+ Kg7
1/2-1/2

[Event "CUB-ch"]
[Site "Holguin"]
[Date "2002.04.06"]
[Round "6"]
[White "Gongora Reyes, Maikel"]
[Black "Nogueiras Santiago, Jesus"]
[Result "0-1"]
[WhiteElo "2408"]
[BlackElo "2521"]
[Annotator "Finkel,A"]
[PlyCount "116"]
[EventDate "2002.03.31"]
[EventType "tourn"]
[EventRounds "17"]
[EventCountry "CUB"]
[EventCategory "9"]
[SourceTitle "CBM 089"]
[Source "ChessBase"]
[SourceDate "2002.08.12"]
[SourceVersion "1"]
[SourceVersionDate "2002.08.12"]
[SourceQuality "1"]

1. e4 Nf6 2. e5 Nd5 3. d4 d6 4. Nf3 Bg4 5. Be2 e6 6. c4 Nb6 7. Nc3 Be7 (7...
Nc6 $6 8. exd6 cxd6 9. d5 exd5 (9... Ne7 10. dxe6 Bxe6 11. Nd4 Nc6 12. Nxe6
fxe6 13. Be3 $14) (9... Nb4 10. Nd4 $5 Bxe2 11. Qxe2 e5 12. a3 Na6 13. b3 $14)
10. cxd5 Bxf3 11. gxf3 $1 $36 {[%csl Rg7][%cal Gh1g1,Gd1d4,Ge2b5] Milov,
L-Kopylov,M/Donetsk 1998}) (7... Bxf3 $5 8. Bxf3 c6 9. Qe2 $2 dxe5 10. dxe5 Qd4
11. O-O N8d7 12. Re1 Qxc4 $17 {Zavadsky,P-Nesterov,J/Bratislava op 1993 (44)})
({or} 7... dxe5 $5 8. Nxe5 Bxe2 9. Nxe2 (9. Qxe2 Qxd4 10. Nb5 Bb4+ 11. Kf1 Qd8
12. Bf4 O-O 13. Rd1 Qe7 14. Nf3 $44 {Rantanen,Y-Solozhenkin,E/FIN-chT 1993 (38)
}) 9... Bb4+ 10. Nc3 N8d7 11. Qb3 Nxe5 12. dxe5 Qe7 13. O-O Qc5 $15 {Martin,
H-Paolini,C/Trelew Clarin-GP 1995 (28)}) (7... c6 $2 8. exd6 Bxf3 9. gxf3 c5
10. dxc5 N6d7 11. Nb5 Na6 12. b4 $18 {Rohde,M-Andrews,S/Philadelphia 1995}) 8.
h3 (8. exd6 cxd6 9. b3 O-O 10. Bb2 d5 11. O-O Nc6 12. c5 Nc8 13. a3 Na5 14. Nd2
Bxe2 15. Qxe2 Qd7 $13 {Lehtinen,H-Sanchez,J/FIN 1997}) 8... Bh5 9. exd6 cxd6
10. d5 {I think this move is the best chance for white to fight for opening
adavntage.} O-O $5 {Permitting white to take on e6} (10... e5 11. g4 Bg6 12. h4
h5 13. g5 N8d7 14. Be3 (14. Bd3 Qc8 15. b3 Nc5 16. Bxg6 fxg6 17. Be3 O-O $132 {
Krishilovsky,A-Gerchikov,M/St Petersburg 1997}) 14... Qc8 15. b3 Nc5 16. Rg1
Qf5 $13 {Braun,G-Duemmke,J/Weilburg 1998}) 11. dxe6 fxe6 12. Nd4 $5 Bf7 (12...
Bxe2 $2 13. Qxe2 $16 {[%csl Re6]}) 13. O-O (13. Bf3 $2 Qc8 14. b3 d5 $15 {
[%csl Rc3]}) 13... Nc6 14. Be3 Kh8 15. b3 $1 {Profilactics against e5} (15.
Nxc6 bxc6 16. c5 Nd5 17. cxd6 Bxd6 $13) 15... d5 16. cxd5 exd5 17. Qd2 Nd7 18.
Nf5 Nf6 $6 {Strange decision, which is hardly jastified under the
circumstances. It was to better to keep the bishop.} (18... Bf6 19. Rad1 Be6
20. Nd4 Nxd4 21. Bxd4 Rc8 22. Bxf6 Nxf6 $11) 19. Nxe7 Qxe7 20. Nb5 $5 $14 (20.
Rfe1 Rad8 21. Nb5 Ne4 22. Qb2 $14) 20... Ne4 21. Qb2 a6 22. Nd4 Qf6 23. Rac1
Ne7 24. Qa3 (24. Qa1 $5) 24... Rae8 25. Rc7 $5 {Entering complications which
favor white, but demand very accurate play that's why i think wite should've
prefered} (25. Qb4 $5 {with clear advantage.}) 25... Nc6 $1 26. Nxc6 bxc6 27.
Qxa6 $6 {Making the wrong choice. Better was} (27. Bf3 $1 d4 28. Bxe4 dxe3 29.
fxe3 Qe6 30. Bxc6 Qxe3+ 31. Kh1 Bg8 $1 32. Rg1 $5 (32. Rxf8 $6 Qe1+ 33. Kh2
Qe5+ 34. g3 Rxf8 35. Qxf8 Qxc7 36. Bg2 Qc2 $11) 32... Rf6 $1 33. Qc1 $1 $16 {
and white keeps the pawn.} (33. Bxe8 Bd5 $1 $132 {[%csl Rh1]})) 27... d4 28.
Rxc6 (28. Bc1 Bd5 $44) 28... Qe5 {Now black seems to have sufficient
counterplay to keep the balance.} 29. Bc1 Bd5 30. Rc2 $6 {[%csl Rc2] Rook is
hanging on c2 so deserved attention} (30. f4 Qb8 (30... Qe7 $2 31. Ba3 $18) 31.
Rc2 (31. Rb6 Qc7 $132) 31... Ng3 32. Rf2 (32. Rd1 Rf6 $1 33. Qd3 Be4 $15) 32...
Ne4 33. Rf3 (33. Rf1 Ng3 $11) 33... Nc3 34. Rf2 Ne4 $11 {and neither side
can't deviate from the repitition.}) (30. Rb6 $5) 30... Nxf2 $1 31. Rxf2 (31.
Bg4 Bxg2 $1 32. Rfxf2 (32. Rcxf2 Bxf1 33. Rxf1 Qg3+ 34. Kh1 Rxf1+ 35. Qxf1 Re1
$19) 32... Be4 $1 $40 {[%csl Rg1]}) 31... Rxf2 32. Kxf2 Qf5+ 33. Bf4 Qxc2 $19 {
The tactical complications are over and black's material advantage is enough
to win the game.} 34. Qd3 Qxa2 35. b4 Bxg2 $1 36. h4 Bh3 37. Bd2 Qf7+ 38. Kg3
Bf5 39. Qf3 Qg6+ 40. Kf2 Qd6 41. Kg1 Be4 42. Qf4 Qg6+ (42... Qxf4 $5 $19) 43.
Qg5 Qb6 44. Qc5 Qb8 45. Qg5 h6 46. Qf4 Qb6 47. Bh5 Bg6 48. Bf3 d3+ 49. Kg2 Qe6
50. Kg3 Qe7 51. Bc3 Kh7 52. h5 Be4 53. Bg4 Rf8 54. Qe5 Qxe5+ 55. Bxe5 d2 56.
Bf4 Rd8 57. Bd1 Rd3+ 58. Kf2 Bf3 $1 0-1

[Event "CUB-ch"]
[Site "Holguin"]
[Date "2002.04.08"]
[Round "8"]
[White "Herrera, Irisberto"]
[Black "Almeida Quintana, Omar"]
[Result "1-0"]
[WhiteElo "2474"]
[BlackElo "2473"]
[Annotator "Finkel,A"]
[PlyCount "87"]
[EventDate "2002.03.31"]
[EventType "tourn"]
[EventRounds "17"]
[EventCountry "CUB"]
[EventCategory "9"]
[SourceTitle "CBM 089"]
[Source "ChessBase"]
[SourceDate "2002.08.12"]
[SourceVersion "1"]
[SourceVersionDate "2002.08.12"]
[SourceQuality "1"]

1. e4 Nf6 2. e5 Nd5 3. d4 d6 4. Nf3 Bg4 5. Be2 c6 {Slightly passive, but vey
solid variation.} 6. O-O Bxf3 7. Bxf3 dxe5 8. dxe5 e6 9. Qe2 Nd7 10. c4 Ne7 11.
Bf4 Ng6 12. Bg3 Qc7 (12... Qa5 $5 13. Re1 Bb4 14. Nc3 Bxc3 15. bxc3 O-O 16. Qe3
Rfd8 $132 {Findlay,I-Kovacevic,V/Toronto 1989}) 13. Be4 (13. Re1 Bb4 14. Nc3
Bxc3 15. bxc3 O-O-O 16. Rab1 Nc5 17. Red1 Rxd1+ 18. Rxd1 Rd8 19. Qe3 Qa5 $15 {
Zavadsky,P-Pejko,O/Trencin 1991}) (13. Bh5 O-O-O 14. f4 Bc5+ 15. Kh1 Rdf8 16.
Nc3 Ne7 17. Ne4 $14 {Alqvist,E-Eriksson,D/Skelleftea 1999}) 13... Bc5 {It was
too dangerous to take the pawn:} (13... Ngxe5 $6 14. f4 Ng6 15. f5 Qb6+ 16. Kh1
(16. Bf2 $2 Nf4 17. Qd2 Qc7 18. Bg3 e5 $17) 16... Ne7 17. fxe6 fxe6 18. Nc3 $36
{and white has very strong initiative for a pawn.}) 14. Rd1 (14. Kh1 $5 {
[%cal Gf2f4]} Ne7 15. f4 g6 16. Nc3 Nf5 17. Be1 h5 18. Bd3 $14 {Sopanen,
P-Makela,A/FIN 1995}) 14... O-O-O (14... Ngxe5 15. Bc2 Qa5 $5 16. Nd2 (16. Bxe5
$2 Nxe5 17. Qxe5 Bxf2+ $19) 16... Ng6 17. Nb3 (17. a3 $5 $36) 17... Qb6 18.
Nxc5 Qxc5 19. b4 $44) 15. Bxg6 hxg6 16. Nc3 Be7 {[%cal Ge7h4]} 17. h3 $1 Rh5 (
17... Bh4 18. Bh2 $1) 18. a3 Rdh8 $6 {Rook has nothing to do on h8, so this
move is just a waste of precious time.} (18... Nxe5 19. Rxd8+ Bxd8 20. Rd1 Bf6
21. Ne4 $44) 19. Ne4 Nxe5 20. c5 $1 {[%cal Ge4d6]} f6 21. b4 $36 {[%csl Rc7,
Re7] Black is dprived of any counterplay while white's play on the queenside
becomes pretty dangerous.} Kb8 $6 {[%cal Gg3b8]} 22. Rd2 Rd8 23. Rxd8+ Qxd8 (
23... Bxd8 24. Rd1 Qe7 25. Nd6 Bc7 26. b5 $40) 24. Rd1 Qe8 25. Nd6 Qf8 $6 (
25... Bxd6 26. Rxd6 $16 {[%csl Re6][%cal Gf2f4]}) (25... Qg8 $5 {[%csl Ge6]})
26. f4 Bxd6 27. Rxd6 Nf7 28. Rxe6 $18 {Material balance has been restored and
white black's position is just hopeless.} Rh8 29. Re7 (29. f5+ Ka8 30. fxg6 Ng5
31. Re7 $18) 29... Nh6 30. f5+ Ka8 31. fxg6 Nf5 32. Rf7 Qd8 33. Bd6 $1 Rg8 (
33... Nxd6 34. cxd6 Qxd6 35. Rxg7 Qd4+ 36. Kh1 Qa1+ 37. Kh2 $18) 34. Qe6 Nh4
35. b5 $1 Re8 (35... cxb5 36. Qe4 $18) 36. bxc6 bxc6 (36... Rxe6 37. cxb7#) 37.
Qg4 f5 38. Qa4 Nf3+ 39. Kf2 Qh4+ 40. Qxh4 Nxh4 41. Rxg7 f4 42. Bxf4 Rf8 43. g3
a6 44. gxh4 1-0